| 000 | 003570000a22001570004500 | ||
|---|---|---|---|
| 003 | MACL | ||
| 040 | _aMACL | ||
| 090 |
_c31948 _d31946 |
||
| 100 | _aJayapalan, N. | ||
| 245 | _aHistory of English Literature | ||
| 260 |
_bAtlantic Publishers _c2001 |
||
| 350 | _a650 | ||
| 650 | _aLiterature In English | ||
| 942 |
_cBOOK _k820/Jay |
||
| 951 | _o820/Jay BOOK | ||
| 999 |
_c31626 _d31626 |
||